Southville International School and Colleges
Your cart is empty.
  • Cart
  • Lists
    Public lists Eva Luna New books Lux_list list_1
    Your lists Log in to create your own lists
  • Log in to your account
  • Your cookies
  • Search history
Southville International School and Colleges
  • Advanced search
  • Recent comments
  • Most popular
  • Libraries

Log in to your account

Log in with GOOGLE


If you do not have an external account, but do have a local account, you can still log in:

  1. Home
  2. MARC view: Our world :
Normal view MARC view ISBD view

Our world : (Record no. 103586)

[ view plain ]
MARC details
000 -LEADER
fixed length control field 00527nam a2200169 a 4500
005 - DATE AND TIME OF LATEST TRANSACTION
control field 20140412111304.0
008 - FIXED-LENGTH DATA ELEMENTS--GENERAL INFORMATION
fixed length control field 030414s19uu xx 00 eng d
020 ## - INTERNATIONAL STANDARD BOOK NUMBER
International Standard Book Number 0-7324-0501-7
050 ## - LIBRARY OF CONGRESS CALL NUMBER
Classification number M 559
Item number L96 1986
100 ## - MAIN ENTRY--PERSONAL NAME
Personal name Lucas, Ernest & Hazel
245 ## - TITLE STATEMENT
Title Our world :
Remainder of title how? what? when? why? /
Statement of responsibility, etc Ernest and Hazel Lucas.
260 ## - PUBLICATION, DISTRIBUTION, ETC. (IMPRINT)
Place of publication, distribution, etc Illinois :
Name of publisher, distributor, etc Lion Publishing,
Date of publication, distribution, etc 1986.
300 ## - PHYSICAL DESCRIPTION
Extent 20 p. ; ill.
520 ## - SUMMARY, ETC.
Summary, etc Life on planet earth: past, present and future.
650 ## - SUBJECT ADDED ENTRY--TOPICAL TERM
Topical term or geographic name as entry element Earth--Juvenile literature
Holdings
Withdrawn status Lost status Damaged status Use restrictions Home library Current library Shelving location Date acquired Source of acquisition Total Checkouts Full call number Barcode Date last seen Price effective from Koha item type
        Elizalde Library Elizalde Library Main Section 04/14/2003     M 559 L96 1986 E5412 04/12/2014 04/12/2014 Books

Our world :

APA

Lucas E. &. H., . (1986). Our world. Illinois: Lion Publishing.

Chicago

Lucas Ernest & Hazel, . 1986. Our world. Illinois: Lion Publishing.

Harvard

Lucas E. &. H., . (1986). Our world. Illinois: Lion Publishing.

MLA

Lucas Ernest & Hazel, . Our world. Illinois: Lion Publishing. 1986.

  • Place hold
  • Print
  • Cite
  • Add to your cart (remove)
  • Save record
    BIBTEX Dublin Core MARCXML MARC (non-Unicode/MARC-8) MARC (Unicode/UTF-8) MARC (Unicode/UTF-8, Standard) MODS (XML) RIS
  • More searches
    Search for this title in:
    Other Libraries (WorldCat) Other Databases (Google Scholar) Online Stores (Bookfinder.com) Open Library (openlibrary.org)

Exporting to Dublin Core...

SOUTHVILLE LIBRARY

Southville International School and Colleges Library

1281 Tropical Ave. Cor. Luxembourg St., BF Homes International, Las Pinas City

Tel. No. 8256374 / 252358 Loc. 117/146

Powered by Koha